Cities in Latvia accepted by cityquiz.io - Statistics

General Stats
  • This quiz has been taken 231 times
  • The average score is 14 of 137
Answer Stats
Population Answer % Correct
742,572 Riga
100%
111,564 Daugavpils
70%
85.132 Liepāja
61%
42,644 Ventspils
54%
61,791 Jelgava
52%
54,088 Jūrmala
50%
38.340 Rēzekne
42%
26,760 Ogre
39%
26,963 Valmiera
38%
27,078 Jēkabpils
35%
18,348 Tukums
29%
10,422 Sigulda
27%
18,198 Cēsis
26%
17,606 Salaspils
26%
13,289 Kuldīga
25%
9,280 Madona
23%
12,022 Talsi
23%
12,224 Saldus
22%
6,589 Valka
22%
10,532 Bauska
21%
2,264 Alūksne
20%
3,184 Saulkrasti
19%
9,355 Gulbene
17%
8,974 Limbaži
17%
10,514 Ludza
17%
8,840 Aizkraukle
15%
11,225 Dobele
15%
12,584 Olaine
15%
1,278 Ainaži
14%
8,409 Balvi
14%
400 Kolka
14%
8,656 Preiļi
14%
3,427 Salacgrīva
13%
11,088 Krāslava
12%
2,186 Ērgļi
11%
4,000 Iecava
11%
4,600 Ķekava
11%
1,800 Roja
11%
2,659 Skrunda
11%
6,108 Smiltene
11%
3,125 Auce
10%
2,025 Baldone
10%
3,368 Ikšķile
10%
1,938 Jaunjelgava
10%
5,114 Lielvārde
10%
1,521 Ape
9%
3,854 Baloži
9%
10,073 Līvāni
9%
1,171 Pāvilosta
9%
3,638 Rūjiena
9%
1,897 Zilupe
9%
1,811 Cesvaine
8%
4,203 Grobiņa
8%
3,592 Kandava
8%
5,634 Aizpute
7%
2,740 Dagda
7%
454 Durbe
7%
1,600 Engure
7%
1,029 Jaunpils
7%
2,645 Kārsava
7%
1,433 Līgatne
7%
2,550 Priekule
7%
1,580 Sabile
7%
2,106 Varakļāni
7%
1,525 Viļaka
7%
1,314 Aknīste
6%
1,509 Aloja
6%
2,898 Ilūkste
6%
2,372 Ķegums
6%
2,412 Mazsalaca
6%
3,848 Pļaviņas
6%
2,879 Skrīveri
6%
1,593 Strenči
6%
2,132 Tērvete
6%
1,447 Valdemārpils
6%
596 Vecpiebalga
6%
3,934 Vilāni
6%
1,918 Lubāna
5%
3,400 Ozolnieki
5%
3,033 Piņķi
5%
1,778 Seda
5%
4,020 Vangaži
5%
1,860 Mērsrags
4%
1,282 Nereta
4%
2,162 Viesīte
4%
940 Alsunga
3%
3,486 Brocēni
3%
2,028 Inčukalns
3%
6,680 Krustpils
3%
1,103 Piltene
3%
2,532 Priekuļi
3%
1,175 Staicele
3%
1,955 Stende
3%
908 Subate
3%
2,800 Ulbroka
3%
368 Jūrkalne
2%
900 Pilsrundāle
2%
574 Rucava
2%
2,487 Vecumnieki
2%
70 Abragciems
1%
210 Apšuciems
1%
260 Bērzciems
1%
25 Dunte
1%
980 Ēdole
1%
1,053 Jaunaglona
1%
2,177 Jumprava
1%
775 Kalngale
1%
220 Ķesterciems
1%
160 Klapkalnciems\
1%
320 Ķuļciems
1%
670 Ragaciems
1%
10 Rideļi
1%
350 Sēme
1%
18 Terehova
1%
200 Upesgrīva
1%
298 Usma
1%
20 Alksnājciems
0%
263 Beibezi
0%
20 Brizule
0%
70 Cērkste
0%
100 Dzedri
0%
20 Dzirciems
0%
2,684 Jaunciems
0%
20 Jaunpļavas
0%
140 Kaive
0%
40 Ķipatciems
0%
20 Lielaisciems
0%
689 Milzkalne
0%
20 Paternieki
0%
230 Plieņciems
0%
390 Rauda
0%
50 Rindzele
0%
821 Silene
0%
734 Smārde
0%
2,103 Tīreļi
0%
40 Vecmokas
0%
30 Vilksala
0%
No matching quizzes found
Score Distribution
Percent of People with Each Score
Percentile by Number Answered
Your Score History
You have not taken this quiz